| 000 | 00528nam a2200205 a 4500 | ||
|---|---|---|---|
| 005 | 20210219152903.0 | ||
| 008 | 991125n 000 0 u | ||
| 035 | _aUPN01000065546 | ||
| 100 | _aSoto, Gary | ||
| 222 | _aREADING TEACHER | ||
| 245 | _aAuthor for day : glitter and rainbows | ||
| 300 | _a200-202 | ||
| 362 | _a46, No. 3, 1992 | ||
| 505 | _aMarzo 1993 | ||
| 653 | 0 | _aAUTORES | |
| 653 | 0 | _aESTUDIANTES DE LA ESCUELA ELEMENTAL | |
| 653 | 0 | _aLITERATURA INFANTIL | |
| 904 |
_aAC _b003357 |
||
| 905 | _aArticulo | ||
| 999 |
_c63034 _d63034 |
||